東京中心部の交差点名 - Statistics

General Stats
  • This quiz has been taken 19 times
  • The average score is 7 of 30
Answer Stats
Answer % Correct
内堀通り 新宿通り 半蔵門
100%
内堀通り 靖国通り 目白通り 九段下
100%
日比谷通り 第一京浜 芝五丁目
100%
靖国通り 本郷通り 小川町
100%
外堀通り 晴海通り 数寄屋橋
100%
外堀通り 六本木通り 溜池
100%
外堀通り 新宿通り 四谷見附
100%
外堀通り 早稲田通り 神楽坂下
100%
新大橋通り 三ツ目通り 菊川駅前
100%
四ツ目通り 京葉道路 錦糸町駅前
100%
明治通り 新宿通り 新宿三丁目
75%
内堀通り 白山通り 平川門
67%
日比谷通り 永代通り 大手町
67%
四ツ目通り 春日通り 横川交番前
67%
明治通り 新目白通り 高戸橋
67%
内堀通り 桜田通り 桜田門
50%
内堀通り 六本木通り 国会前
50%
内堀通り 青山通り 三宅坂
50%
内堀通り 永代通り 大手門
50%
日比谷通り 晴海通り 日比谷
50%
外堀通り 本郷通り 聖橋
50%
外苑東通り 新宿通り 四谷三丁目
50%
昭和通り 蔵前橋通り 台東一丁目
50%
中央通り 永代通り 日本橋
50%
新大橋通り 清澄通り 森下駅前
50%
四ツ目通り 蔵前橋通り 太平四丁目
50%
不忍通り 目白通り 目白台二丁目
50%
春日通り 白山通り 春日町
50%
言問通り 国際通り 西浅草三丁目
50%
京葉道路 靖国通り 両国橋
50%
明治通り 青山通り 玉川通り 渋谷駅東口
50%
明治通り 本郷通り 飛鳥山
50%
明治通り 水戸街道 東向島
50%
明治通り 蔵前橋通り 亀戸四丁目
50%
明治通り 清洲橋通り 境川
50%
外堀通り 青山通り 赤坂見附
43%
昭和通り 中央通り 第一京浜 新橋
40%
日比谷通り 外堀通り 西新橋
33%
外苑東通り 大久保通り 市谷柳町
33%
外苑東通り 靖国通り 曙橋
33%
昭和通り 中央通り 浅草通り 上野駅
33%
中央通り 春日通り 上野広小路
33%
清洲橋通り 浅草通り 稲荷町
33%
三ツ目通り 蔵前橋通り 石原三丁目
33%
本郷通り 言問通り 本郷弥生
33%
春日通り 国際通り 寿三丁目
33%
不忍通り 道灌山通り 道灌山下
33%
江戸通り 国際通り 蔵前二丁目
33%
明治通り 甲州街道 新宿四丁目
33%
明治通り 尾久橋通り 田端新町一丁目
33%
明治通り 川の手通り 白鬚橋西詰
33%
外堀通り 靖国通り 淡路町市谷見附 市谷八幡町
33%
外堀通り 目白通り 大久保通り 飯田橋
25%
外苑東通り 桜田通り 飯倉
25%
外苑西通り 新宿通り 甲州街道 四ツ谷四丁目
25%
青山通り 六本木通り 渋谷署前
25%
新大橋通り 四ツ目通り 住吉二丁目
25%
三ツ目通り 京葉道路 緑三丁目
25%
四ツ目通り 永代通り 東陽町駅前
25%
尾竹橋通り 言問通り 鶯谷駅前
25%
明治通り 駒沢通り 渋谷橋
25%
明治通り 早稲田通り 馬場口
25%
明治通り 京葉道路 亀戸駅前
25%
外苑東通り 新目白通り 鶴巻町
20%
外苑東通り 六本木通り 六本木
20%
昭和通り 海岸通り 蓬莱橋
20%
中央通り 不忍通り 上野四丁目
20%
清澄通り 京葉道路 緑一丁目
20%
三ツ目通り 水戸街道 言問橋東
20%
清澄通り 葛西橋通り 深川一丁目
17%
四ツ目通り 葛西橋通り 東陽六丁目
17%
中央通り 蔵前橋通り 外神田五丁目
13%
内堀通り 晴海通り 祝田橋
0%
内堀通り 早稲田通り 田安門
0%
日比谷通り 本郷通り 神田橋
0%
日比谷通り 環二通り 新橋四丁目
0%
靖国通り 白山通り 神保町
0%
外堀通り 昭和通り 新橋駅銀座口前
0%
外堀通り 桜田通り 虎ノ門
0%
外堀通り 環二通り 赤坂一丁目
0%
外堀通り 白山通り 水道橋
0%
外堀通り 江戸通り 新常盤橋
0%
外堀通り 永代通り 呉服橋
0%
外苑東通り 早稲田通り 弁天町
0%
外苑東通り 青山通り 青山一丁目
0%
外苑西通り 靖国通り 富久町西
0%
外苑西通り 青山通り 南青山三丁目
0%
外苑西通り 六本木通り 西麻布
0%
外苑西通り 明治通り 天現寺橋
0%
外苑西通り 目黒通り 白金台
0%
桜田通り 環二通り 虎ノ門二丁目
0%
昭和通り 国際通り 三ノ輪
0%
昭和通り 言問通り 清洲橋通り 入谷
0%
昭和通り 春日通り 台東四丁目
0%
昭和通り 靖国通り 岩本町
0%
昭和通り 江戸通り 本町三丁目
0%
昭和通り 永代通り 江戸橋一丁目
0%
昭和通り 晴海通り 三原橋
0%
中央通り 靖国通り 須田町
0%
中央通り 江戸通り 室町三丁目
0%
中央通り 晴海通り 銀座四丁目
0%
清洲橋通り 春日通り 元浅草一丁目
0%
清洲橋通り 蔵前橋通り 鳥越一丁目
0%
清洲橋通り 靖国通り 東神田
0%
清洲橋通り 江戸通り 馬喰町
0%
新大橋通り 晴海通り 築地四丁目
0%
新大橋通り 永代通り 茅場町一丁目
0%
新大橋通り 清洲橋通り 浜町中ノ橋
0%
清澄通り 環二通り 勝どき陸橋
0%
清澄通り 晴海通り 勝どき駅前
0%
清澄通り 永代通り 門前仲町
0%
清澄通り 清洲橋通り 清澄三丁目
0%
清澄通り 蔵前橋通り 石原一丁目
0%
清澄通り 春日通り 本所一丁目
0%
三ツ目通り 永代通り 木場五丁目
0%
三ツ目通り 葛西橋通り 都立木場公園前
0%
三ツ目通り 清洲橋通り 白河三丁目
0%
三ツ目通り 春日通り 本所三丁目
0%
三ツ目通り 浅草通り 吾妻橋交番前
0%
四ツ目通り 清洲橋通り 扇橋二丁目
0%
四ツ目通り 浅草通り 押上駅前
0%
不忍通り 本郷通り 上富士前
0%
不忍通り 春日通り 大塚三丁目
0%
不忍通り 白山通り 千石一丁目
0%
不忍通り 言問通り 根津一丁目
0%
本郷通り 春日通り 本郷三丁目
0%
本郷通り 蔵前橋通り サッカーミュージアム入口
0%
春日通り 江戸通り 厩橋
0%
尾久橋通り 道灌山通り 西日暮里五丁目
0%
尾竹橋通り 尾久橋通り 根岸小前
0%
言問通り 江戸通り 水戸街道 言問橋西
0%
江戸通り 靖国通り 浅草橋
0%
明治通り 靖国通り 新宿五丁目
0%
明治通り 大久保通り 大久保二丁目
0%
明治通り 目白通り 千登世橋
0%
明治通り 春日通り 川越街道 池袋六ツ又陸橋
0%
明治通り 白山通り 中山道 西巣鴨
0%
明治通り 道灌山通り 尾竹橋通り 宮地
0%
明治通り 昭和通り 日光街道 大関横丁
0%
明治通り 墨堤通り 白鬚橋東詰
0%
明治通り 四ッ目通り 京島
0%
明治通り 丸八通り 小村井
0%
明治通り 浅草通り 福神橋
0%
明治通り 新大橋通り 区民センター前
0%
明治通り 葛西橋通り 南砂四丁目
0%
明治通り 永代通り 日曹橋
0%
明治通り 湾岸道路 夢の島
0%
No matching quizzes found
Score Distribution
Percent of People with Each Score
Percentile by Number Answered
Your Score History
You have not taken this quiz